Gaming Quiz

Random Gaming or Word Play Quiz

Games by Song Trios Quiz Stats

 Plays Quiz Updated May 1, 2018

Also try: Playful Songs
Challenge
Share
Tweet
Embed
Score 0/28 Timer 08:00
1 Play Today
% Correct
Operation
88.8%
Tic-Tac-Toe
86.7%
CandyLand
86.5%
Snakes and Ladders
85.8%
The Game of Life
81.5%
Hula Hoop
81.5%
Monopoly
81.3%
Ticket to Ride
80.4%
Battleship
80.1%
Scrabble
78.5%
Risk
77.9%
Easy-Bake Oven
77.4%
Clue(do)
76.4%
UNO
73.9%
% Correct
Chess
73.5%
The Settlers of Catan
69.4%
Mouse Trap
65%
Mario Kart
64.3%
Taboo
62.4%
Cards Against Humanity
58.1%
Sonic the Hedgehog
57.4%
Stratego
54%
Pac-Man
50.3%
Texas Hold 'Em
45.7%
Pokémon
42.3%
Portal
39.4%
Mahjong
36.7%
Bridge
34.4%

You're not logged in!

Compare scores with friends on all Sporcle quizzes.
OR
Log In

You Might Also Like...

Show Comments

Extras

Top Quizzes Today


Score Distribution

Your Account Isn't Verified!

In order to create a playlist on Sporcle, you need to verify the email address you used during registration. Go to your Sporcle Settings to finish the process.

Report this User

Report this user for behavior that violates our Community Guidelines.

Details: